{"text_format":"3","workbook":"xlsx","n_sheets":3,"sheets":["PLU PRICE LIST(ALL)","CPNP+MOCRA","NMPA"],"not_rendered":{"images":87,"defined_names":6},"read":"whole","date_system":"1900"}

{"sheet":"PLU PRICE LIST(ALL)","index":0,"n_rows":79,"n_cols":19,"rows_kept":79,"merged":[[0,7,2,8],[1,0,1,3],[1,10,1,14],[1,15,1,18],[2,0,2,4],[2,10,2,14],[2,15,2,18],[4,0,21,0],[22,0,49,0],[50,0,51,0],[52,0,60,0],[61,0,65,0],[66,0,70,0],[71,0,75,0],[76,0,78,0]]}
[]
[]
[{"$nulls":10},"Carton information",{"$nulls":4},"Pallet Information"]
["Category","ITEM CODE","Product Descriptoin (EN)","Image","Certification","Barcode","HS CODE","Volume","MSRP (KRW)","Shelflife","PCS/CTN","Length (mm)","Depth (mm)","Height (mm)","Weight (kg)","CTN/layer","QTY of layer","CTN/Pallet","Weight/PLT\n(kg)"]
["BODY SCRUB \n","ZCFSC0044","Plu Body Scrub White Musk",null,"CFDA\nCPNP\nMOCRA",8809237075032,"3307.30-2000","200g",{"v":17900,"d":"₩17,900"},"24 months",54,420,315,230,{"v":11.944799999999999,"d":"11.94"},8,6,48,{"v":573.3503999999999,"d":"573.35"}]
[null,"ZCFSC0014","Plu Body Scrub Rosemary Herb",null,"CFDA\nCPNP\nMOCRA",8809237074998,"3307.30-2000","200g",{"v":17900,"d":"₩17,900"},"24 months",54,420,315,230,{"v":11.944799999999999,"d":"11.94"},8,6,48,{"v":573.3503999999999,"d":"573.35"}]
[null,"ZCFSC0099","Plu Body Scrub Cotton Blossom",null,"CFDA\nCPNP\nMOCRA",8809237071843,"3307.30-2000","200g",{"v":17900,"d":"₩17,900"},"24 months",54,420,315,230,{"v":11.961,"d":"11.96"},8,6,48,{"v":574.128,"d":"574.13"}]
[null,"ZCFSC0016","Plu Body Scrub Berry Mix",null,"CFDA\nCPNP\nMOCRA",8809237074691,"3307.30-2000","200g",{"v":17900,"d":"₩17,900"},"24 months",54,420,315,230,{"v":11.9826,"d":"11.98"},8,6,48,{"v":575.1648,"d":"575.16"}]
[null,"ZCFSC0053","plu Body Scrub Pink Floral",null,"CFDA\nCPNP\nMOCRA",8809237076848,"3307.30-2000","200g",{"v":17900,"d":"₩17,900"},"24 months",54,420,315,230,{"v":11.9988,"d":"12.00"},8,6,48,{"v":575.9423999999999,"d":"575.94"}]
[null,"ZCFSC0085","Plu Intensive Slim Fit Body Scrub",null,"CPNP\nMOCRA",8809237070839,"3307.30-2000","180g",{"v":17900,"d":"₩17,900"},"24 months",54,420,315,230,{"v":10.827,"d":"10.83"},8,6,48,{"v":519.696,"d":"519.70"}]
[null,"ZCFSC0030","plu Prestige Therapy Edition Body Scrub",null,null,8809237075490,"3307.30-2000","180g",{"v":16700,"d":"₩16,700"},"24 months",54,420,315,230,{"v":10.854,"d":"10.85"},8,6,48,{"v":520.992,"d":"520.99"}]
[null,"ZCFSC0058","plu Body Balance The Premium Edition Scrub",null,null,8809237074066,"3307.30-2000","180g",{"v":16700,"d":"₩16,700"},"24 months",54,420,315,230,{"v":10.848600000000001,"d":"10.85"},8,6,48,{"v":520.7328,"d":"520.73"}]
[null,"ZCFSC0081","plu Perfumed Sea Salt Body Scrub White Blanc",null,"CFDA",8809237070440,"3307.30-1000","500g",{"v":27600,"d":"₩27,600"},"36 months",10,460,210,130,{"v":7.682,"d":"7.68"},8,7,56,{"v":430.192,"d":"430.19"}]
[null,"ZCFSC0086","plu Perfumed Sea Salt Body Scrub Woody Floral",null,"CFDA",8809237071485,"3307.30-1000","500g",{"v":27600,"d":"₩27,600"},"36 months",10,460,210,130,{"v":7.682,"d":"7.68"},8,7,56,{"v":430.192,"d":"430.19"}]
[null,"ZCFSC0078","plu Perfumed Sugar Body Scrub Fleur Soap",null,"CFDA",8809237070433,"3307.30-2000","500g",{"v":27600,"d":"₩27,600"},"36 months",10,460,210,130,{"v":6.721,"d":"6.72"},8,7,56,{"v":376.376,"d":"376.38"}]
[null,"ZCFSC0079","plu Perfumed Sugar Body Scrub Botanical Berry",null,"CFDA",8809237070457,"3307.30-2000","500g",{"v":27600,"d":"₩27,600"},"36 months",10,460,210,130,{"v":6.721,"d":"6.72"},8,7,56,{"v":376.376,"d":"376.38"}]
[null,"ZCFSC0111","plu Perfumed Fruity Sugar Body Scrub Green Mong Cotton",null,"CFDA",8809237072338,"3307.30-2000","500g",{"v":27600,"d":"₩27,600"},"36 months",10,460,210,130,{"v":6.721,"d":"6.72"},8,7,56,{"v":376.376,"d":"376.38"}]
[null,"ZCFSC0112","plu Perfumed Fruity Sugar Body Scrub Peach & Plum",null,"CFDA",8809237072321,"3307.30-2000","500g",{"v":27600,"d":"₩27,600"},"36 months",10,460,210,130,{"v":6.721,"d":"6.72"},8,7,56,{"v":376.376,"d":"376.38"}]
[null,"ZCFSC0104","plu Green Propolis Body Scrub Fresh Eucalyptus",null,"CFDA",8809237072178,"3307.30-2000","400g",{"v":28700,"d":"₩28,700"},"36 months",8,510,210,160,3.52,10,7,70,{"v":246.4,"d":"246.40"}]
[null,"ZCFSC0102","plu Green Propolis Body Scrub Herb Green Tea",null,"CFDA",8809237072185,"3307.30-2000","400g",{"v":28700,"d":"₩28,700"},"36 months",8,510,210,160,3.52,10,7,70,{"v":246.4,"d":"246.40"}]
[null,"ZCFSC0103","plu Green Propolis Body Scrub Real Rose",null,"CFDA",8809237072161,"3307.30-2000","400g",{"v":28700,"d":"₩28,700"},"36 months",8,510,210,160,3.52,10,7,70,{"v":246.4,"d":"246.40"}]
[null,"ZCFSC0105","plu Green Propolis Body Scrub Herb Green Tea (Tube)",null,"CFDA",8809237072215,"3307.30-2000","200g",{"v":19200,"d":"₩19,200"},"24 months",54,420,315,230,{"v":11.944799999999999,"d":"11.94"},8,6,48,{"v":573.3503999999999,"d":"573.35"}]
["BODY WASH\nSCRUB BODY WASH\nBODY LOTION\nBATH BOMB\n","ZCFWA0017","plu Therapy Body Wash Bergamot Lavender",null,"CPNP\nMOCRA",8809237075636,"3401.30-0000 ","500g",{"v":17900,"d":"₩17,900"},"36 months",20,420,315,230,11.26,8,6,48,540.48]
[null,"ZCFWA0016","plu Therapy Body Wash Basil Eucalyptus",null,"CPNP\nMOCRA",8809237075698,"3401.30-0000 ","500g",{"v":17900,"d":"₩17,900"},"36 months",20,420,315,230,11.26,8,6,48,540.48]
[null,"ZCFWA0015","plu Therapy Body Wash Lily Vanilla",null,"CPNP\nMOCRA",8809237075667,"3401.30-0000 ","500g",{"v":17900,"d":"₩17,900"},"36 months",20,420,315,230,11.26,8,6,48,540.48]
[null,"ZCFLO0014","plu Therapy Body Lotion Bergamot Lavender",null,"CFDA\nCPNP\nMOCRA",8809237075643,"3304.99-1000","200ml",{"v":16700,"d":"₩16,700"},"36 months",54,420,315,230,{"v":12.0042,"d":"12.00"},8,6,48,{"v":576.2016000000001,"d":"576.20"}]
[null,"ZCFLO0016","plu Therapy Body Lotion Basil Eucalyptus",null,"CPNP\nMOCRA",8809237075704,"3304.99-1000","200ml",{"v":16700,"d":"₩16,700"},"36 months",54,420,315,230,{"v":12.0042,"d":"12.00"},8,6,48,{"v":576.2016000000001,"d":"576.20"}]
[null,"ZCFLO0015","plu Therapy Body Lotion Lily Vanilla",null,"CPNP\nMOCRA",8809237075674,"3304.99-1000","200ml",{"v":16700,"d":"₩16,700"},"36 months",54,420,315,230,{"v":12.0042,"d":"12.00"},8,6,48,{"v":576.2016000000001,"d":"576.20"}]
[null,"ZCFWA0023","plu Nature & Perfume Body Wash Rose Blossom",null,null,8809237077265,"3401.30-0000 ","1L",{"v":21500,"d":"₩21,500"},"36 months",6,285,185,265,{"v":6.5645999999999995,"d":"6.56"},20,6,120,{"v":787.752,"d":"787.75"}]
[null,"ZCFWA0024","plu Nature & Perfume Body Wash White Musk ",null,null,8809237077272,"3401.30-0000 ","1L",{"v":21500,"d":"₩21,500"},"36 months",6,285,185,265,{"v":6.5645999999999995,"d":"6.56"},20,6,120,{"v":787.752,"d":"787.75"}]
[null,"ZCFWA0025","plu Nature & Perfume Body Wash Baby Powder ",null,null,8809237077289,"3401.30-0000 ","1L",{"v":21500,"d":"₩21,500"},"36 months",6,285,185,265,{"v":6.5645999999999995,"d":"6.56"},20,6,120,{"v":787.752,"d":"787.75"}]
[null,"ZCFWA0007","Plu Scrub Wash Raspberry Mint",null,"CFDA\nCPNP\nMOCRA",8809237074714,"3401.30-0000 ","500g",{"v":17900,"d":"₩17,900"},"36 months",20,420,315,230,11.26,8,6,48,540.48]
[null,"ZCFWA0011","Plu Scrub Wash Grapefruit Peach",null,"CFDA\nCPNP\nMOCRA",8809237074738,"3401.30-0000 ","500g",{"v":17900,"d":"₩17,900"},"36 months",20,420,315,230,11.26,8,6,48,540.48]
[null,"ZCFWA0003","Plu Scrub Wash Lime Grape",null,"CFDA\nCPNP\nMOCRA",8809237074721,"3401.30-0000 ","500g",{"v":17900,"d":"₩17,900"},"36 months",20,420,315,230,11.26,8,6,48,540.48]
[null,"ZCFWA0047","plu Perfumed Spa Scrub Body Wash Fleur Soap",null,null,8809237071003,"3401.30-0000 ","500g",{"v":19100,"d":"₩19,100"},"36 months",20,420,315,230,11.26,8,6,48,540.48]
[null,"ZCFWA0048","plu Perfumed Spa Scrub Body Wash Botanical Berry",null,null,8809237071010,"3401.30-0000 ","500g",{"v":19100,"d":"₩19,100"},"36 months",20,420,315,230,11.26,8,6,48,540.48]
[null,"ZCFWA0049","plu Perfumed Spa Scrub Body Wash Damask Rose",null,null,8809237070990,"3401.30-0000 ","500g",{"v":19100,"d":"₩19,100"},"36 months",20,420,315,230,11.26,8,6,48,540.48]
[null,"ZCFWA0072","plu Perfumed Spa Scrub Body Wash Woody Floral",null,null,8809237072871,"3401.30-0000 ","500g",{"v":19100,"d":"₩19,100"},"36 months",20,420,315,230,11.26,8,6,48,540.48]
[null,"ZCFLO0031","plu Perfumed Spa Scrub Body Lotion Fleur Soap",null,null,8809237072529,"3304.99-1000","500g",{"v":17900,"d":"₩17,900"},"36 months",20,420,315,230,11.26,8,6,48,540.48]
[null,"ZCFWA0057","plu Prestige Spa Scrub Body Wash Bergamot Lavender",null,null,8809237071225,"3401.30-0000 ","500g",{"v":23800,"d":"₩23,800"},"36 months",20,420,315,230,11.26,8,6,48,540.48]
[null,"ZCFWA0058","plu Prestige Spa Scrub Body Wash Fresh Eucalyptus",null,null,8809237071881,"3401.30-0000 ","500g",{"v":23800,"d":"₩23,800"},"36 months",20,420,315,230,11.26,8,6,48,540.48]
[null,"ZCFWA0059","plu Prestige Spa Scrub Body Wash Scented Tuberose",null,null,8809237071874,"3401.30-0000 ","500g",{"v":23800,"d":"₩23,800"},"36 months",20,420,315,230,11.26,8,6,48,540.48]
[null,"ZCFWA0062","plu Aroma Perfume Scrub Body Wash Woody Green",null,null,8809237072352,"3401.30-0000 ","1L",{"v":21500,"d":"₩21,500"},"36 months",6,285,185,265,{"v":6.3654,"d":"6.37"},20,6,120,{"v":763.8480000000001,"d":"763.85"}]
[null,"ZCFWA0063","plu Aroma Perfume Scrub Body Wash Black Berry",null,null,8809237072369,"3401.30-0000 ","1L",{"v":21500,"d":"₩21,500"},"36 months",6,285,185,265,{"v":6.3654,"d":"6.37"},20,6,120,{"v":763.8480000000001,"d":"763.85"}]
[null,"ZCFWA0064","plu Aroma Perfume Scrub Body Wash Soapy Blanc",null,null,8809237072376,"3401.30-0000 ","1L",{"v":21500,"d":"₩21,500"},"36 months",6,285,185,265,{"v":6.3654,"d":"6.37"},20,6,120,{"v":763.8480000000001,"d":"763.85"}]
[null,"ZCFLO0030","plu Aroma Moisture Body Lotion\nWhite Musk",null,null,8809237072536,"3304.99-1000","500g",{"v":19100,"d":"₩19,100"},"36 months",20,420,315,230,11.44,8,6,48,549.12]
[null,"OCFPW0002","plu Bubble Bath Bomb Romantic Ocean",null,null,8809237071652,"3307.30-0000","200g",{"v":11900,"d":"₩11,900"},"36 months",20,400,160,170,{"v":4.2,"d":"4.20"},16,7,112,{"v":470.40000000000003,"d":"470.40"}]
[null,"OCFPW0009","plu Bubble Bath Bomb Flirting Holic",null,null,8809237071904,"3307.30-0000","200g",{"v":11900,"d":"₩11,900"},"36 months",20,400,160,170,{"v":4.2,"d":"4.20"},16,7,112,{"v":470.40000000000003,"d":"470.40"}]
[null,"OCFPW0003","plu Bubble Bath Bomb Moon Light Peach",null,null,8809237071683,"3307.30-0000","200g",{"v":11900,"d":"₩11,900"},"36 months",20,400,160,170,{"v":4.2,"d":"4.20"},16,7,112,{"v":470.40000000000003,"d":"470.40"}]
[null,"OCFPW0001","plu Bubble Bath Bomb Valentine Rose",null,null,8809237071669,"3307.30-0000","200g",{"v":11900,"d":"₩11,900"},"36 months",20,400,160,170,{"v":4.2,"d":"4.20"},16,7,112,{"v":470.40000000000003,"d":"470.40"}]
["SKIN CARE","ZCFSC0047","plu Brightening Peeling Gel Peach",null,"CFDA\nCPNP\nMOCRA",8809237070334,"3304.99-1000","100g",{"v":15500,"d":"₩15,500"},"36 months",66,420,315,230,{"v":7.755,"d":"7.76"},8,6,48,372.24]
[null,"ZCFSC0049","plu Soft Facial Scrub Honey & Sugar",null,"CFDA\nCPNP\nMOCRA",8809237070310,"3304.99-1000","100g",{"v":15500,"d":"₩15,500"},"36 months",66,420,315,230,{"v":7.755,"d":"7.76"},8,6,48,372.24]
["HAIR","ZCFSC0070","plu Therapy Scalp Scaling Scrub",null,"CFDA\nCPNP\nMOCRA",8809237077425,"3305.90-9000","200g",{"v":23900,"d":"₩23,900"},"24 months",54,420,315,230,{"v":11.9988,"d":"12.00"},8,6,48,{"v":575.9423999999999,"d":"575.94"}]
[null,"OCFSH0003","plu Aroma Scalp Care Shampoo",null,null,8809237072383,"3305.10-0000","1L",{"v":21500,"d":"₩21,500"},"36 months",6,285,185,265,{"v":6.4854,"d":"6.49"},20,6,120,{"v":778.248,"d":"778.25"}]
[null,"ZCFSH0001","plu Nature and Perfume Shampoo Rose Blossom",null,null,8809237077296,"3305.10-0000","1L",{"v":23900,"d":"₩23,900"},"36 months",6,285,185,265,{"v":6.5645999999999995,"d":"6.56"},8,6,48,{"v":315.1008,"d":"315.10"}]
[null,"ZCFSH0002","plu Nature and Perfume Shampoo White Musk",null,null,8809237077302,"3305.10-0000","1L",{"v":23900,"d":"₩23,900"},"36 months",6,285,185,265,{"v":6.5645999999999995,"d":"6.56"},8,6,48,{"v":315.1008,"d":"315.10"}]
[null,"ZCFSH0003","plu Nature and Perfume Shampoo Baby Powder",null,null,8809237077319,"3305.10-0000","1L",{"v":23900,"d":"₩23,900"},"36 months",6,285,185,265,{"v":6.5645999999999995,"d":"6.56"},8,6,48,{"v":315.1008,"d":"315.10"}]
[null,"OCFRI0002","plu Nature and Perfume Treatment Rose Blossom",null,null,8809237077678,"3305.90-1000","500g",{"v":21500,"d":"₩21,500"},"36 months",20,420,315,230,11.26,8,6,48,540.48]
[null,"OCFRI0003","plu Nature and Perfume Treatment White Musk",null,null,8809237077685,"3305.90-1000","500g",{"v":21500,"d":"₩21,500"},"36 months",20,420,315,230,11.26,8,6,48,540.48]
[null,"OCFRI0004","plu Nature and Perfume Treatment Baby Powder",null,null,8809237077692,"3305.90-1000","500g",{"v":21500,"d":"₩21,500"},"36 months",20,420,315,230,11.26,8,6,48,540.48]
[null,"OCFOI0001","plu Atelier Freesia Perfume Hair Oil",null,null,8809237070471,"3305.90-9000","50ml",{"v":21500,"d":"₩21,500"},"36 months",35,390,160,210,{"v":3.731,"d":"3.73"},16,6,96,{"v":358.176,"d":"358.18"}]
["HAND & FOOT","ZCFLO0026","plu Repair Intensive Foot Cream Fresh Herb",null,null,8809237077364,"3304.99-1000","100g",{"v":16700,"d":"₩16,700"},"36 months",66,420,315,230,{"v":7.7682,"d":"7.77"},8,6,48,{"v":372.8736,"d":"372.87"}]
[null,"ZCFSC0098","plu Spa Foot Scrub Fresh Herb",null,null,8809237072024,"3307.30-2000","200g",{"v":21500,"d":"₩21,500"},"24 months",54,420,315,230,{"v":12.0528,"d":"12.05"},8,6,48,{"v":578.5344,"d":"578.53"}]
[null,"ZCFLO0028","plu Hand Cream Dear Lavender",null,null,8809237072000,"3304.99-1000","50ml",{"v":6900,"d":"₩6,900"},"36 months",40,245,160,160,{"v":2.3,"d":"2.30"},24,6,144,{"v":331.2,"d":"331.20"}]
[null,"ZCFLO0029","plu Hand Cream Pure Baby",null,null,8809237072017,"3304.99-1000","50ml",{"v":6900,"d":"₩6,900"},"36 months",40,245,160,160,{"v":2.3,"d":"2.30"},24,6,144,{"v":331.2,"d":"331.20"}]
[null,"ZCSET2022","plu Hand Cream Duo Set",null,null,8809237072048,"3304.99-1000","50ml * 2",{"v":13800,"d":"₩13,800"},"36 months",100,520,330,250,{"v":13.219999999999999,"d":"13.22"},6,5,30,{"v":396.59999999999997,"d":"396.60"}]
["SACHET","OCFSC0005","plu Brightening Facial Gel Peach (Sachet)",null,null,8809237072970,"3304.99-1000","5g",{"v":1100,"d":"₩1,100"},"36 months",250,285,185,265,2.85,20,5,100,{"v":285,"d":"285.00"}]
[null,"OCFWA0006","plu Scrub Body Wash Grapefruit Peach (Sachet)",null,null,8809237072963,"3401.30-0000 ","10g",{"v":1000,"d":"₩1,000"},"36 months"]
[null,"OCFSC0004","Plu Body Scrub White Musk (Sachet)",null,null,8809237072284,"3307.30-2000","10g",{"v":1000,"d":"₩1,000"},"24 months",250,285,185,265,{"v":5.475,"d":"5.48"},20,5,100,{"v":547.5,"d":"547.50"}]
[null,"OCFSC0002","Plu Body Scrub Cotton Blossm (Sachet)",null,null,8809237072307,"3307.30-2000","10g",{"v":1000,"d":"₩1,000"},"24 months",250,285,185,265,{"v":5.475,"d":"5.48"},20,5,100,{"v":547.5,"d":"547.50"}]
[null,"OCFLO0005","plu Aroma Moisture Body Lotion (Sachet) ",null,null,8809237072581,"3304.99-1000","10g",{"v":1000,"d":"₩1,000"},"36 months",250,285,185,265,{"v":5.475,"d":"5.48"},20,5,100,{"v":547.5,"d":"547.50"}]
["APPLICATOR\n- BEAUTY TOOLS","BEFEC0032","plu Scalp Massage Brush",null,null,8809237077418,"9615.19-1000","1 pc",{"v":17900,"d":"₩17,900"},null,50,520,330,250,{"v":3.3950000000000005,"d":"3.40"},6,5,30,{"v":101.85000000000001,"d":"101.85"}]
[null,"BEFEC0036","plu Wood Spa Body Brush",{"$nulls":4},"1 pc",{"v":23800,"d":"₩23,800"},null,21,520,330,250,3.99,6,5,30,{"v":119.7,"d":"119.70"}]
[null,"BEFEC0029","plu Perfect Foot Callus Razor",null,null,8809237077357,null,"1 pc",{"v":14300,"d":"₩14,300"},null,36,285,185,265,{"v":0.972,"d":"0.97"},20,5,100,{"v":97.2,"d":"97.20"}]
[null,"BEFEC0039","plu Perfect Pro Cut Foot File",null,null,8809237077616,null,"1 pc",{"v":29800,"d":"₩29,800"},null,30,285,185,265,{"v":2.127,"d":"2.13"},20,5,100,{"v":212.7,"d":"212.70"}]
[null,"BEFEC0007","plu Shower Ball",{"$nulls":4},"1 pc",{"v":2400,"d":"₩2,400"}]
["GIFT SET","ZCSET1585","plu Atelier Freesia Perfume Hair Oil Set",{"$nulls":4},"50ml",{"v":29000,"d":"₩29,000"},"36 months",28,420,315,230,4.48,8,6,48,{"v":215.04000000000002,"d":"215.04"}]
[null,"ZCSET1995","plu Lazy Day De-Stress Care Aroma Perfume Set ",null,null,8809237071447,null,"50ml + 10g",{"v":42900,"d":"₩42,900"},"36 months",15,390,160,210,2.94,16,6,96,282.24]
[null,"ZCSET1180","plu Body Scrub Pink Floral Set",null,null,8809237077548,null,"200g+200g",{"v":35700,"d":"₩35,700"},"24 months"]

{"sheet":"CPNP+MOCRA","index":1,"n_rows":21,"n_cols":20,"rows_kept":21,"merged":[[0,0,0,7],[0,10,0,14],[0,15,0,18],[2,4,2,5],[2,11,2,15],[2,16,2,19],[4,0,8,0],[9,0,17,0],[18,0,19,0]]}
[]
[]
[{"$nulls":4},"Certification ",{"$nulls":6},"Carton information",{"$nulls":4},"Pallet Information"]
["Category","ITEM CODE","Product Descriptoin (EN)","Image","MoCRA\n(7 SKUs completed)","CPNP\n(16 SKUs completed)","Barcode","HS CODE","Volume","MSRP (KRW)","Shelflife","PCS/CTN","Length (mm)","Depth (mm)","Height (mm)","Weight (kg)","CTN/layer","QTY of layer","CTN/Pallet","Weight/PLT\n(kg)"]
["BODY SCRUB \n","ZCFSC0044","Plu Body Scrub White Musk",null,"53-925692-740008",5006241,"8809237073540","3307.30-2000","200g",{"v":17900,"d":"₩17,900"},"24 months",54,420,315,230,{"v":11.944799999999999,"d":"11.94"},8,6,48,{"v":573.3503999999999,"d":"573.35"}]
[null,"ZCFSC0014","Plu Body Scrub Rosemary Herb",null,"To be finished by April",5006325,8809237073557,"3307.30-2000","200g",{"v":17900,"d":"₩17,900"},"24 months",54,420,315,230,{"v":11.944799999999999,"d":"11.94"},8,6,48,{"v":573.3503999999999,"d":"573.35"}]
[null,"ZCFSC0099","Plu Body Scrub Cotton Blossom",null,"53-206393-724183",5006239,8809237071843,"3307.30-2000","200g",{"v":17900,"d":"₩17,900"},"24 months",54,420,315,230,{"v":11.961,"d":"11.96"},8,6,48,{"v":574.128,"d":"574.13"}]
[null,"ZCFSC0016","Plu Body Scrub Berry Mix",null,"53-460600-313567",5006237,8809237074691,"3307.30-2000","200g",{"v":17900,"d":"₩17,900"},"24 months",54,420,315,230,{"v":11.9826,"d":"11.98"},8,6,48,{"v":575.1648,"d":"575.16"}]
[null,"ZCFSC0053","plu Body Scrub Pink Floral",null,"To be finished by April","To be finished by April",8809237073625,"3307.30-2000","200g",{"v":17900,"d":"₩17,900"},"24 months",54,420,315,230,{"v":11.9988,"d":"12.00"},8,6,48,{"v":575.9423999999999,"d":"575.94"}]
["BODY WASH\nSCRUB BODY WASH\nBODY LOTION\n\n","ZCFWA0017","plu Aroma Body Wash Bergamot Lavender",null,"To be finished by April",5006299,8809237073472,"3401.30-0000 ","500g",{"v":17900,"d":"₩17,900"},"36 months",20,420,315,230,11.26,8,6,48,540.48]
[null,"ZCFWA0016","plu Aroma Body Wash Basil Eucalyptus",null,"To be finished by April",5006303,8809237073489,"3401.30-0000 ","500g",{"v":17900,"d":"₩17,900"},"36 months",20,420,315,230,11.26,8,6,48,540.48]
[null,"ZCFWA0015","plu Aroma Body Wash Lily Vanilla",null,"To be finished by April",5006293,8809237073458,"3401.30-0000 ","500g",{"v":17900,"d":"₩17,900"},"36 months",20,420,315,230,11.26,8,6,48,540.48]
[null,"ZCFLO0014","plu Aroma Body Lotion Bergamot Lavender",null,"To be finished by April",5006319,8809237073519,"3304.99-1000","200ml",{"v":16700,"d":"₩16,700"},"36 months",54,420,315,230,{"v":12.0042,"d":"12.00"},8,6,48,{"v":576.2016000000001,"d":"576.20"}]
[null,"ZCFLO0016","plu Aroma Body Lotion Basil Eucalyptus",null,"To be finished by April",5006323,8809237073496,"3304.99-1000","200ml",{"v":16700,"d":"₩16,700"},"36 months",54,420,315,230,{"v":12.0042,"d":"12.00"},8,6,48,{"v":576.2016000000001,"d":"576.20"}]
[null,"ZCFLO0015","plu Aroma Body Lotion Lily Vanilla",null,"To be finished by April",5006320,8809237073502,"3304.99-1000","200ml",{"v":16700,"d":"₩16,700"},"36 months",54,420,315,230,{"v":12.0042,"d":"12.00"},8,6,48,{"v":576.2016000000001,"d":"576.20"}]
[null,"ZCFWA0007","Plu Scrub Wash Raspberry Mint",null,"53-099836-776054",5006249,8809237074714,"3401.30-0000 ","500g",{"v":17900,"d":"₩17,900"},"36 months",20,420,315,230,11.26,8,6,48,540.48]
[null,"ZCFWA0011","Plu Scrub Wash Grapefruit Peach",null,"To be finished by April",5006316,8809237073601,"3401.30-0000 ","500g",{"v":17900,"d":"₩17,900"},"36 months",20,420,315,230,11.26,8,6,48,540.48]
[null,"ZCFWA0003","Plu Scrub Wash Lime Grape",null,"53-169752-397641",5006245,8809237074721,"3401.30-0000 ","500g",{"v":17900,"d":"₩17,900"},"36 months",20,420,315,230,11.26,8,6,48,540.48]
["SKIN CARE","ZCFSC0047","plu glowing facial peeling gel peach ",null,"53-242090-222589",5006251,8809237073533,"3304.99-1000","100g",{"v":15500,"d":"₩15,500"},"36 months",66,420,315,230,{"v":7.755,"d":"7.76"},8,6,48,372.24]
[null,"ZCFSC0049","plu Soft Facial Scrub Honey & Sugar",null,"To be finished by April",5006308,8809237073618,"3304.99-1000","100g",{"v":15500,"d":"₩15,500"},"36 months",66,420,315,230,{"v":7.755,"d":"7.76"},8,6,48,372.24]
["HAIR","ZCFSC0070","plu exfoliating scalp scrub peppermint",null,"53-161811-632907",5006242,8809237073526,"3305.90-9000","200g",{"v":23900,"d":"₩23,900"},"24 months",54,420,315,230,{"v":11.9988,"d":"12.00"},8,6,48,{"v":575.9423999999999,"d":"575.94"}]

{"sheet":"NMPA","index":2,"n_rows":25,"n_cols":18,"rows_kept":25,"merged":[[0,0,0,8],[1,0,1,3],[1,9,1,13],[1,14,1,17],[3,0,17,0],[18,0,21,0],[22,0,23,0]]}
[]
[{"$nulls":9},"Carton information",{"$nulls":4},"Pallet Information"]
["Category","ITEM CODE","Product Descriptoin (EN)","Image","Product Descriptoin (CN)","Barcode","HS CODE","Volume","MSRP (KRW)","PCS/CTN","Length (mm)","Depth (mm)","Height (mm)","Weight (kg)","CTN/layer","QTY of layer","CTN/Pallet","Weight/PLT\n(kg)"]
["BODY SCRUB \n","ZCFSC0044","Plu Body Scrub White Musk",null,"馥珞身体磨砂膏（白麝香）",8809237075032,"3307.30-2000","200g",{"v":17900,"d":"₩17,900"},54,420,315,230,{"v":11.944799999999999,"d":"11.94"},8,6,48,{"v":573.3503999999999,"d":"573.35"}]
[null,"ZCFSC0014","Plu Body Scrub Rosemary Herb",null,"plu身体磨砂膏（迷迭香）",8809237074998,"3307.30-2000","200g",{"v":17900,"d":"₩17,900"},54,420,315,230,{"v":11.944799999999999,"d":"11.94"},8,6,48,{"v":573.3503999999999,"d":"573.35"}]
[null,"ZCFSC0099","Plu Body Scrub Cotton Blossom",null,"plu身体磨砂膏（白棉花香）",8809237071843,"3307.30-2000","200g",{"v":17900,"d":"₩17,900"},54,420,315,230,{"v":11.961,"d":"11.96"},8,6,48,{"v":574.128,"d":"574.13"}]
[null,"ZCFSC0016","Plu Body Scrub Berry Mix",null,"plu身体磨砂膏（混合浆果香）",8809237074691,"3307.30-2000","200g",{"v":17900,"d":"₩17,900"},54,420,315,230,{"v":11.9826,"d":"11.98"},8,6,48,{"v":575.1648,"d":"575.16"}]
[null,"ZCFSC0053","plu Body Scrub Pink Floral",null,"plu粉色玫瑰身体磨砂膏",8809237076848,"3307.30-2000","200g",{"v":17900,"d":"₩17,900"},54,420,315,230,{"v":11.9988,"d":"12.00"},8,6,48,{"v":575.9423999999999,"d":"575.94"}]
[null,"ZCFSC0081","plu Perfumed Sea Salt Body Scrub White Blanc",null,"plu白色浪漫死海盐香氛身体磨砂膏",8809237070440,"3307.30-1000","500g",{"v":27600,"d":"₩27,600"},10,460,210,130,{"v":7.682,"d":"7.68"},8,7,56,{"v":430.192,"d":"430.19"}]
[null,"ZCFSC0086","plu Perfumed Sea Salt Body Scrub Woody Floral",null,"plu初夏清新死海盐香氛身体磨砂膏",8809237071485,"3307.30-1000","500g",{"v":27600,"d":"₩27,600"},10,460,210,130,{"v":7.682,"d":"7.68"},8,7,56,{"v":430.192,"d":"430.19"}]
[null,"ZCFSC0078","plu Perfumed Sugar Body Scrub Fleur Soap",null,"plu闪亮之星甜蜜香氛身体磨砂膏",8809237070433,"3307.30-2000","500g",{"v":27600,"d":"₩27,600"},10,460,210,130,{"v":6.721,"d":"6.72"},8,7,56,{"v":376.376,"d":"376.38"}]
[null,"ZCFSC0079","plu Perfumed Sugar Body Scrub Botanical Berry",null,"plu绿意盎然甜蜜香氛身体磨砂膏",8809237070457,"3307.30-2000","500g",{"v":27600,"d":"₩27,600"},10,460,210,130,{"v":6.721,"d":"6.72"},8,7,56,{"v":376.376,"d":"376.38"}]
[null,"ZCFSC0111","plu Perfumed Fruity Sugar Body Scrub Green Mong Cotton",null,"plu缤纷果香身体磨砂膏（青棉+西柚香）",8809237072338,"3307.30-2000","500g",{"v":27600,"d":"₩27,600"},10,460,210,130,{"v":6.721,"d":"6.72"},8,7,56,{"v":376.376,"d":"376.38"}]
[null,"ZCFSC0112","plu Perfumed Fruity Sugar Body Scrub Peach & Plum",null,"plu缤纷果香身体磨砂膏（桃李果香）",8809237072321,"3307.30-2000","500g",{"v":27600,"d":"₩27,600"},10,460,210,130,{"v":6.721,"d":"6.72"},8,7,56,{"v":376.376,"d":"376.38"}]
[null,"ZCFSC0104","plu Green Propolis Body Scrub Fresh Eucalyptus",null,"plu绿色蜂胶泡泡身体磨砂膏（桉树香）",8809237072178,"3307.30-2000","400g",{"v":28700,"d":"₩28,700"},8,510,210,160,3.52,10,7,70,{"v":246.4,"d":"246.40"}]
[null,"ZCFSC0102","plu Green Propolis Body Scrub Herb Green Tea",null,"plu绿色蜂胶泡泡身体磨砂膏（草本绿茶香）",8809237072185,"3307.30-2000","400g",{"v":28700,"d":"₩28,700"},8,510,210,160,3.52,10,7,70,{"v":246.4,"d":"246.40"}]
[null,"ZCFSC0103","plu Green Propolis Body Scrub Real Rose",null,"plu绿色蜂胶泡泡身体磨砂膏（玫瑰香）",8809237072161,"3307.30-2000","400g",{"v":28700,"d":"₩28,700"},8,510,210,160,3.52,10,7,70,{"v":246.4,"d":"246.40"}]
[null,"ZCFSC0105","plu Green Propolis Body Scrub Herb Green Tea (Tube)",null,"plu绿色蜂胶泡泡身体磨砂膏（草本绿茶香）",8809237072215,"3307.30-2000","200g",{"v":19200,"d":"₩19,200"},54,420,315,230,{"v":11.944799999999999,"d":"11.94"},8,6,48,{"v":573.3503999999999,"d":"573.35"}]
["Body Wash + Lotion","ZCFLO0014","plu Therapy Body Lotion Bergamot Lavender",null,"plu身体呵护乳液（佛手柑+薰衣草香）",8809237075643,"3304.99-1000","200ml",{"v":16700,"d":"₩16,700"},54,420,315,230,{"v":12.0042,"d":"12.00"},8,6,48,{"v":576.2016000000001,"d":"576.20"}]
[null,"ZCFWA0007","Plu Scrub Wash Raspberry Mint",null,"plu身体磨砂沐浴露（覆盆子+薄荷香）",8809237074714,"3401.30-0000 ","500g",{"v":17900,"d":"₩17,900"},20,420,315,230,11.26,8,6,48,540.48]
[null,"ZCFWA0011","Plu Scrub Wash Grapefruit Peach",null,"plu身体磨砂沐浴露（柚子+桃子香）",8809237074738,"3401.30-0000 ","500g",{"v":17900,"d":"₩17,900"},20,420,315,230,11.26,8,6,48,540.48]
[null,"ZCFWA0003","Plu Scrub Wash Lime Grape",null,"plu身体磨砂沐浴露（青柠+绿葡萄香）",8809237074721,"3401.30-0000 ","500g",{"v":17900,"d":"₩17,900"},20,420,315,230,11.26,8,6,48,540.48]
["SKIN CARE","ZCFSC0047","plu Brightening Peeling Gel Peach",null,"plu面部柔嫩亮泽去角质磨砂啫喱（蜜桃香）",8809237070334,"3304.99-1000","100g",{"v":15500,"d":"₩15,500"},66,420,315,230,{"v":7.755,"d":"7.76"},8,6,48,372.24]
[null,"ZCFSC0049","plu Soft Facial Scrub Honey & Sugar",null,"plu面部柔嫩亮泽去角质磨砂啫喱（蜜糖香）",8809237070310,"3304.99-1000","100g",{"v":15500,"d":"₩15,500"},66,420,315,230,{"v":7.755,"d":"7.76"},8,6,48,372.24]
["HAIR","ZCFSC0070","plu Therapy Scalp Scaling Scrub",null,"plu头皮护理去角质清洁磨砂膏",8809237077425,"3305.90-9000","200g",{"v":23900,"d":"₩23,900"},54,420,315,230,{"v":11.9988,"d":"12.00"},8,6,48,{"v":575.9423999999999,"d":"575.94"}]